000 00644nam a2200217 4500
001 31909
003 AR-RoBPED
005 20250820130831.0
008 250819s2002 AG ||||dr|||| 000 1 spa d
020 _a8440602178
040 _aAR-RoBPED
041 _aspa
100 _aCarson Levine, Gail
_d1947-
_930117
245 1 3 _aEl mundo encantado de Ela /
_cGail Carson Levine.
260 _aBarcelona :
_bEdiciones B; Grupo Zeta,
_c2004.
300 _a271 p.
650 4 _aLITERATURA ESTADOUNIDENSE
_9294
650 4 _aNOVELAS
_925
942 _2udc
_ak. 31909
_cBK
_h820(73)-31
_mCL 26
_ninv. 42092
945 _amm 19/08/2025 - cd 20/082025
999 _c31909
_d31909